00729nam a22001937a 450000500170000001000150001702000260003203500140005803700090007208200140008124501370009525000060023226000470023827001230028530000280040870000360043670000350047270000280050720241108141657.0 aENG-142599 a9788194522935c275.00 aEN-126131 bDBAD a954.1521 aBibliography and Abstracts of Papers in Flora of Himachal Pradesh/cCompiled by Sourmen Gantait; Kanad Das [and] Subir Bandyopadhyay a1 aHowrah, KolkatabBotanical Survey of India aMinistry of Environment ,Forest & Climate Change, Govt. of India,3rd MSO Building, CGO ComplexbHowrah,Kolkatae711103 a297p. c24cm.(pb)bill. aBandyopadhyay, SubireCompiled  aGantait; , Sourmen eCompiled  aDas , Kanad eCompiled